Introduction to smooth manifolds

Αποθηκεύτηκε σε:
Λεπτομέρειες βιβλιογραφικής εγγραφής
Κύριος συγγραφέας: Lee, John M. 1950-
Μορφή: Βιβλίο
Γλώσσα:English
Δημοσίευση: New York : Springer, c2003
Σειρά:Graduate texts in mathematics
Θέματα:
Ετικέτες: Προσθήκη ετικέτας
Δεν υπάρχουν, Καταχωρήστε ετικέτα πρώτοι!

MARC

LEADER 00000nam a2200000 i 4500
001 1/44718
008 031110s2003 eng d
020 |a 0-387-95495-3 
035 |l 10071597 
040 |a GR-MY-UA  |b gre  |e aacr 
041 0 |a eng 
082 0 |a 514.3 
100 1 |a Lee, John M.  |d 1950- 
245 1 0 |a Introduction to smooth manifolds /  |c John M. Lee 
260 |a New York :   |b Springer,   |c c2003 
300 |a xvii, 628 p.;  |b ill.;  |c 25 cm. 
490 1 |a Graduate texts in mathematics  |v ; 218 
504 |a Includes bibliographical references and indexes 
650 0 0 |a Manifolds (Mathematics) 
830 0 |a Graduate texts in mathematics 
852 |a INST  |b SAMOS  |e 20031110  |h 514.3 LEE  |p 005300023659  |q 005300023659  |t BK  |y 0 
901 |a BIBL3-2003-3 
909 |a Σ  |b 106815 
922 |a 3ΕΛΗ  |b 200309  |c ΕΠΕΑΕΚ2/ΤΜΗΜΑ ΜΑΘΗΜΑΤΙΚΩΝ  |d ΜΙΧΑΛΟΠΟΥΛΟΣ 
950 |a 116-2003-09-07 
970 |a ΚΟΣΙΕΡΗΣ  |b ΧΡΗΣΤΟΣ  |z 2003/11/12